000
00304nam a22001337a 4500
008
170922b xxu||||| |||| 00| 0 eng d
020
_a
0807732176
041
_a
eng
080
_a
37
100
_a
46
101
_a
EDU
245
_a
A POST-MODERN PERSPECTIVE ON CURRICULUM
_c
DOLL, W.E
942
_2
udc
_c
BK
999
_c
29076
_d
29076